Famous songs from the 70s, 80s and 90s - p.1 - Statistics

General Stats
  • This quiz has been taken 121 times
  • The average score is 14 of 30
Answer Stats
Hint Answer % Correct
Billie Jean Michael Jackson
95%
Bohemian Rhapsody Queen
93%
Stayin' alive Bee Gees
83%
Wake me up before you go-go Wham!
83%
Never gonna give you up Rick Astley
82%
Careless whisper George Michael
81%
The final countdown Europe
79%
I wanna dance with somebody Whitney Houston
74%
Gimme! Gimme! Gimme! (A man after midnight) ABBA
71%
U can't touch this MC Hammer
65%
I will survive Gloria Gaynor
60%
Barbie girl Aqua
59%
I was made for lovin' you Kiss
58%
Wind of change Scorpions
46%
Daddy cool Boney M.
42%
Hot stuff Donna Summer
42%
The Best Tina Turner
42%
Enjoy the silence Depeche Mode
36%
What is love Haddaway
35%
Venus Bananarama
34%
It's a heartache Bonnie Tyler
32%
You spin me round (like a record) Dead Or Alive / Danzel
30%
Macarena Los Del Rio
26%
Cheri, cheri lady Modern Talking
24%
Rhythm is a dancer SNAP!
22%
No limit 2 Unlimited
13%
Self control Laura Branigan
12%
Be my lover La Bouche
10%
It's my life Dr. Alban
8%
Coco jamboo Mr. President
8%
No matching quizzes found
Score Distribution
Percent of People with Each Score
Percentile by Number Answered
Your Score History
You have not taken this quiz